Southville International School and Colleges
Your cart is empty.
  • Cart
  • Lists
    Public lists Eva Luna New books Lux_list list_1
    Your lists Log in to create your own lists
  • Log in to your account
  • Your cookies
  • Search history
Southville International School and Colleges
  • Advanced search
  • Recent comments
  • Most popular
  • Libraries

Log in to your account

Log in with GOOGLE


If you do not have an external account, but do have a local account, you can still log in:

  1. Home
  2. MARC view: Entrepreneurship /
Normal view MARC view ISBD view

Entrepreneurship / (Record no. 39679)

[ view plain ]
MARC details
000 -LEADER
fixed length control field 00568nam a2200205 a 4500
005 - DATE AND TIME OF LATEST TRANSACTION
control field 20140311163036.0
008 - FIXED-LENGTH DATA ELEMENTS--GENERAL INFORMATION
fixed length control field 110803s19uu xx 00 eng d
020 ## - INTERNATIONAL STANDARD BOOK NUMBER
International Standard Book Number 9781408007457
050 ## - LIBRARY OF CONGRESS CALL NUMBER
Classification number HD 62.5
Item number .St874 2010
100 ## - MAIN ENTRY--PERSONAL NAME
Personal name Stokes, David
245 ## - TITLE STATEMENT
Title Entrepreneurship /
Statement of responsibility, etc David Stokes.
260 ## - PUBLICATION, DISTRIBUTION, ETC. (IMPRINT)
Place of publication, distribution, etc United Kingdom :
Name of publisher, distributor, etc South-Western/Cengage Learning,
Date of publication, distribution, etc 2010.
300 ## - PHYSICAL DESCRIPTION
Extent 391 p. :
Other physical details ill. col. ;
Dimensions 27 cm.
521 ## - TARGET AUDIENCE NOTE
Target audience note
650 ## - SUBJECT ADDED ENTRY--TOPICAL TERM
Topical term or geographic name as entry element Entrepreneurship.
700 ## - ADDED ENTRY--PERSONAL NAME
Personal name Nick Wilson
700 ## - ADDED ENTRY--PERSONAL NAME
Personal name Martha Mador
942 ## - ADDED ENTRY ELEMENTS (KOHA)
Koha item type Books
Source of classification or shelving scheme Library of Congress Classification
Call number prefix Foreign
Holdings
Withdrawn status Lost status Source of classification or shelving scheme Damaged status Home library Current library Shelving location Date acquired Source of acquisition Cost, normal purchase price Total Checkouts Total Renewals Full call number Barcode Date last seen Date checked out Copy number Price effective from Koha item type
    Library of Congress Classification   College Library College Library General Circulation Section 08/03/2011 Donation 3852.00 1 59 HD 62.5 .St874 2010 C12390 05/15/2018 09/29/2017 1 10/18/2013 Books

Entrepreneurship /

APA

Stokes D., Nick Wilson & Martha Mador. (2010). Entrepreneurship. United Kingdom: South-Western/Cengage Learning.

Chicago

Stokes David, Nick Wilson and Martha Mador. 2010. Entrepreneurship. United Kingdom: South-Western/Cengage Learning.

Harvard

Stokes D., Nick Wilson and Martha Mador. (2010). Entrepreneurship. United Kingdom: South-Western/Cengage Learning.

MLA

Stokes David, Nick Wilson and Martha Mador. Entrepreneurship. United Kingdom: South-Western/Cengage Learning. 2010.

  • Place hold
  • Print
  • Cite
  • Add to your cart (remove)
  • Save record
    BIBTEX Dublin Core MARCXML MARC (non-Unicode/MARC-8) MARC (Unicode/UTF-8) MARC (Unicode/UTF-8, Standard) MODS (XML) RIS
  • More searches
    Search for this title in:
    Other Libraries (WorldCat) Other Databases (Google Scholar) Online Stores (Bookfinder.com) Open Library (openlibrary.org)

Exporting to Dublin Core...

SOUTHVILLE LIBRARY

Southville International School and Colleges Library

1281 Tropical Ave. Cor. Luxembourg St., BF Homes International, Las Pinas City

Tel. No. 8256374 / 252358 Loc. 117/146

Powered by Koha